<?xml version="1.0" encoding="UTF-8"?>
<record
    xmlns:xsi="http://www.w3.org/2001/XMLSchema-instance"
    xsi:schemaLocation="http://www.loc.gov/MARC21/slim http://www.loc.gov/standards/marcxml/schema/MARC21slim.xsd"
    xmlns="http://www.loc.gov/MARC21/slim">

  <leader>00919nam a2200217Ia 4500</leader>
  <datafield tag="999" ind1=" " ind2=" ">
    <subfield code="c">38769</subfield>
    <subfield code="d">38769</subfield>
  </datafield>
  <controlfield tag="001">5118</controlfield>
  <controlfield tag="003">GE_BSU</controlfield>
  <controlfield tag="005">20190620161006.0</controlfield>
  <controlfield tag="008">181216s1958||||ge |||||||||||||| ||geo||</controlfield>
  <datafield tag="040" ind1=" " ind2=" ">
    <subfield code="c">GE_BSU</subfield>
  </datafield>
  <datafield tag="041" ind1=" " ind2=" ">
    <subfield code="a">geo</subfield>
  </datafield>
  <datafield tag="080" ind1=" " ind2=" ">
    <subfield code="a">621.791  &#x10E6;-99</subfield>
  </datafield>
  <datafield tag="100" ind1=" " ind2=" ">
    <subfield code="a">&#x10E6;&#x10E3;&#x10E6;&#x10E3;&#x10DC;&#x10D8;&#x10E8;&#x10D5;&#x10D8;&#x10DA;&#x10D8;, &#x10D2;.</subfield>
    <subfield code="9">2674</subfield>
  </datafield>
  <datafield tag="245" ind1=" " ind2=" ">
    <subfield code="a">&#x10DA;&#x10D8;&#x10D7;&#x10DD;&#x10DC;&#x10D4;&#x10D1;&#x10D8;&#x10E1;  &#x10E8;&#x10D4;&#x10D3;&#x10E3;&#x10E6;&#x10D4;&#x10D1;&#x10D0;, &#x10ED;&#x10E0;&#x10D0; &#x10D3;&#x10D0; &#x10E0;&#x10E9;&#x10D8;&#x10DA;&#x10D5;&#x10D0; /</subfield>
    <subfield code="c">&#x10D2;. &#x10E6;&#x10E3;&#x10E6;&#x10E3;&#x10DC;&#x10D8;&#x10E8;&#x10D5;&#x10D8;&#x10DA;&#x10D8; ; &#x10E0;&#x10D4;&#x10D3;. &#x10D2;. &#x10D2;&#x10D4;&#x10D3;&#x10D4;&#x10D5;&#x10D0;&#x10DC;&#x10D8;&#x10E8;&#x10D5;&#x10D8;&#x10DA;&#x10D8;</subfield>
  </datafield>
  <datafield tag="264" ind1=" " ind2=" ">
    <subfield code="a">&#x10D7;&#x10D1;&#x10D8;&#x10DA;&#x10D8;&#x10E1;&#x10D8; :</subfield>
    <subfield code="b">&#x10EA;&#x10DD;&#x10D3;&#x10DC;&#x10D0;,</subfield>
    <subfield code="c">1958.</subfield>
  </datafield>
  <datafield tag="300" ind1=" " ind2=" ">
    <subfield code="a">289 &#x10D2;&#x10D5;. :</subfield>
    <subfield code="b">&#x10D8;&#x10DA;. ;</subfield>
    <subfield code="c">24 &#x10E1;&#x10DB;.</subfield>
  </datafield>
  <datafield tag="504" ind1=" " ind2=" ">
    <subfield code="a">&#x10D1;&#x10D8;&#x10D1;&#x10DA;&#x10D8;&#x10DD;&#x10D2;&#x10E0;. : &#x10D2;&#x10D5;. 286.</subfield>
  </datafield>
  <datafield tag="653" ind1=" " ind2=" ">
    <subfield code="a">&#x10DA;&#x10D8;&#x10D7;&#x10DD;&#x10DC;&#x10D4;&#x10D1;&#x10D8;&#x10E1; &#x10E8;&#x10D4;&#x10D3;&#x10E3;&#x10E6;&#x10D4;&#x10D1;&#x10D0;, &#x10ED;&#x10E0;&#x10D0; &#x10D3;&#x10D0; &#x10E0;&#x10E9;&#x10D8;&#x10DA;&#x10D5;&#x10D0;</subfield>
  </datafield>
  <datafield tag="700" ind1=" " ind2=" ">
    <subfield code="a">&#x10D2;&#x10D4;&#x10D3;&#x10D4;&#x10D5;&#x10D0;&#x10DC;&#x10D8;&#x10E8;&#x10D5;&#x10D8;&#x10DA;&#x10D8;, &#x10D2;.</subfield>
    <subfield code="e">&#x10E0;&#x10D4;&#x10D3;&#x10D0;&#x10E5;&#x10E2;&#x10DD;&#x10E0;&#x10D8;</subfield>
    <subfield code="9">2675</subfield>
  </datafield>
  <datafield tag="942" ind1=" " ind2=" ">
    <subfield code="c">BK</subfield>
    <subfield code="2">udc</subfield>
  </datafield>
  <datafield tag="952" ind1=" " ind2=" ">
    <subfield code="0">0</subfield>
    <subfield code="1">0</subfield>
    <subfield code="2">udc</subfield>
    <subfield code="4">0</subfield>
    <subfield code="6">621791_&#x10E6;99</subfield>
    <subfield code="7">0</subfield>
    <subfield code="9">41068</subfield>
    <subfield code="a">SPL</subfield>
    <subfield code="b">SPL</subfield>
    <subfield code="c">GEN</subfield>
    <subfield code="d">2018-12-17</subfield>
    <subfield code="g">1.60</subfield>
    <subfield code="o">621.791  &#x10E6;-99</subfield>
    <subfield code="p">12392</subfield>
    <subfield code="r">2018-12-17</subfield>
    <subfield code="t">12392</subfield>
    <subfield code="w">2018-12-17</subfield>
    <subfield code="y">BK</subfield>
    <subfield code="z">1.60 &#x10DA;.</subfield>
  </datafield>
  <datafield tag="952" ind1=" " ind2=" ">
    <subfield code="0">0</subfield>
    <subfield code="1">0</subfield>
    <subfield code="2">udc</subfield>
    <subfield code="4">0</subfield>
    <subfield code="6">621791_&#x10E6;99</subfield>
    <subfield code="7">0</subfield>
    <subfield code="9">41069</subfield>
    <subfield code="a">SPL</subfield>
    <subfield code="b">SPL</subfield>
    <subfield code="c">GEN</subfield>
    <subfield code="d">2018-12-17</subfield>
    <subfield code="g">1.60</subfield>
    <subfield code="o">621.791  &#x10E6;-99</subfield>
    <subfield code="p">12393</subfield>
    <subfield code="r">2018-12-17</subfield>
    <subfield code="t">12393</subfield>
    <subfield code="w">2018-12-17</subfield>
    <subfield code="y">BK</subfield>
    <subfield code="z">1.60</subfield>
  </datafield>
</record>
